Biochemical pharmacological and morphological studies of the venom from the chinese scorpion Buthus Martensi Karsch /
محفوظ في:
| المؤلف الرئيسي: | |
|---|---|
| التنسيق: | أطروحة كتاب |
| اللغة: | English |
| منشور في: |
1997.
|
| الموضوعات: | |
| الوسوم: |
إضافة وسم
لا توجد وسوم, كن أول من يضع وسما على هذه التسجيلة!
|
| LEADER | 00856cam a2200229 a 4500 | ||
|---|---|---|---|
| 001 | u433484 | ||
| 003 | SIRSI | ||
| 008 | 981217s1997 si v 0 eng | ||
| 035 | |a ACG-3559 | ||
| 040 | |a UMP | ||
| 096 | |a WD420 |b Gon 1997. | ||
| 100 | 1 | 0 | |a Gong, Jian Ping. |
| 245 | 1 | 0 | |a Biochemical pharmacological and morphological studies of the venom from the chinese scorpion Buthus Martensi Karsch / |c Gong Jian Ping. |
| 260 | 0 | |c 1997. | |
| 300 | |a xviii, 229 leaves : |b ill. (part col.) ; |c 30 cm. | ||
| 500 | 2 | |a A thesis submitted for the degree of Doctor of Philosophy. | |
| 502 | |a Thesis (Ph.D) - Bioscience Centre, National University of Singapore, 1997. | ||
| 504 | |a Bibliography: p. 206-225 | ||
| 650 | 2 | |a Scorpion Venoms. | |
| 948 | |a 24/12/1998 |b 14/06/1999 | ||
| 596 | |a 2 | ||
| 999 | |a WD420 GON 1997. |w NLM |c 1 |i A502760249 |l STACKS |m P02MEDKL |r Y |s Y |t TESIS |u 25/6/1999 | ||
